Blancanieves y los siete enanitos (Registro nro. 6464)
[ vista simple ]
| 000 -CABECERA | |
|---|---|
| campo de control de longitud fija | 01258cam a2200313 a 4500 |
| 008 - CÓDIGOS DE INFORMACIÓN DE LONGITUD FIJA | |
| fixed length control field | 142212r20132009ck a jr 000 j spa d |
| 020 ## - NÚMERO INTERNACIONAL NORMALIZADO PARA LIBROS | |
| ISBN | 9789583031724 |
| 040 ## - Fuente de catalogación | |
| Agencia original de catalogación | CO-BoBLA |
| Lenguaje de catalogación | spa |
| Agencia de transcripción | CO-JMCR |
| Agencia de modificación | CO-BoPUJ |
| 041 1# - CÓDIGO DE LENGUA | |
| Código idioma | spa |
| Language code of original | eng |
| 082 04 - NÚMERO DE LA CLASIFICACIÓN DECIMAL DEWEY | |
| Número de clasificación Decimal | C / |
| Número de documento (Cutter) | B51B |
| Edition number | 21 |
| 240 10 - TITULO UNIFORME | |
| Título Uniforme | Snow White and the seven dwarfs |
| Language of a work | Español |
| 245 00 - TÍTULO PROPIAMENTE DICHO | |
| Título | Blancanieves y los siete enanitos |
| Mención de responsabilidad, etc. | traducción del inglés Sandra Paola Vizcaya Soto |
| 250 ## - DECLARACIÓN DE EDICIÓN | |
| Declaración de edición | 1a ed. |
| 260 ## - PUBLICACIÓN, DISTRIBUCIÓN, ETC. (PIE DE IMPRENTA) | |
| Lugar de publicación, distribución, etc. | Bogotá |
| Nombre del editor, distribuidor, etc. | Panamericana Editorial |
| Fecha de publicación, distribución, etc. | 2009 |
| Date of manufacture | (impresión de 2013). |
| 300 ## - DESCRIPCIÓN FÍSICA | |
| Extensión | 18 páginas : |
| Otros detalles físicos | ilustraciones a color ; |
| Dimensiones | 19 cm. |
| 440 #0 - SERIES | |
| Titulo | Historias clásicas |
| 9 (RLIN) | 314 |
| 520 ## - RESUMEN, ETC. | |
| Resumen,etc. | Los cuentos clásicos de ayer, hoy y siempre están aquí con toda su magia y encanto, acompañados de coloridas y divertidas ilustraciones. |
| 521 ## - TARGET AUDIENCE NOTE | |
| Target audience note | Recomendado para niños de 4 a 6 años. |
| 534 ## - ORIGINAL VERSION NOTE | |
| Title statement of original | Snow White and the seven dwarfs. |
| 650 14 - TÉRMINO DE MATERIA | |
| 9 (RLIN) | 315 |
| 650 24 - TÉRMINO DE MATERIA | |
| Subdivisión de forma | Cuentos infantiles |
| 9 (RLIN) | 316 |
| 650 24 - TÉRMINO DE MATERIA | |
| Subdivisión de forma | Cuentos infantiles |
| 9 (RLIN) | 317 |
| 650 24 - TÉRMINO DE MATERIA | |
| Subdivisión de forma | Cuentos infantiles |
| 9 (RLIN) | 318 |
| 650 24 - TÉRMINO DE MATERIA | |
| Subdivisión de forma | Cuentos infantiles |
| 9 (RLIN) | 319 |
| 650 24 - TÉRMINO DE MATERIA | |
| 9 (RLIN) | 320 |
| 700 1# - AUTOR SECUNDARIO - PERSONA | |
| Nombre de persona | Vizcaya Soto, Sandra Paola, |
| 9 (RLIN) | 321 |
| Withdrawn status | Lost status | Source of classification or shelving scheme | Damaged status | Not for loan | Home library | Current library | Shelving location | Date acquired | Source of acquisition | Cost, normal purchase price | Total Checkouts | Total Renewals | Full call number | Barcode | Date last seen | Date last checked out | Copy number | Price effective from | Koha item type |
|---|---|---|---|---|---|---|---|---|---|---|---|---|---|---|---|---|---|---|---|
| Dewey Decimal Classification | Biblioteca Pública José María del Castillo y Rada | Biblioteca Pública José María del Castillo y Rada | Processing Center | 12/19/2019 | Donación | 0.00 | 28 | 6 | C / BLAl | 201809543 | 02/27/2026 | 02/27/2026 | Ej.2 | 02/10/2020 | Books |